|
|
|
|
| LEADER |
00000cam a2200000 7i4500 |
| 001 |
0000006426 |
| 002 |
000006935 |
| 005 |
20000330.0 |
| 020 |
|
|
|a 1854227653
|
| 090 |
0 |
0 |
|a JF
|b SEW
|
| 100 |
1 |
|
|a Sewell, Anna
|
| 245 |
1 |
0 |
|a Black Beauty
|c Anna Sewell ; illustrated by Van Gool
|
| 300 |
|
|
|a 60p. :
|b ill. ;
|c 29cm.
|
| 490 |
0 |
|
|a A magna adventure classic
|
| 650 |
0 |
0 |
|a Adventure stories
|
| 999 |
|
|
|a 040011
|b BUKU
|c PINJAMAN
|e PERPUSTAKAAN KOMUNITI PETALING JAYA
|
| 999 |
|
|
|a 040012
|b BUKU
|c PINJAMAN
|e PERPUSTAKAAN KOMUNITI PETALING JAYA
|
| 999 |
|
|
|a 040013
|b BUKU
|c PINJAMAN
|e PERPUSTAKAAN KOMUNITI PETALING JAYA
|